| 000 | 00558nam a2200181 a 4500 | ||
|---|---|---|---|
| 005 | 20240626063653.0 | ||
| 008 | 991125c1972 mx 000 0 spa u | ||
| 035 | _aUPN01000037086 | ||
| 049 | _aLT | ||
| 050 | 4 |
_aLB1589 M6.2 _bM3.5 LM |
|
| 245 | 0 | 0 |
_aMatemática moderna 2 : _bguiones didácticos para el profesor. |
| 260 |
_aMéxico : _bNuevas Técnicas Educativas, _cc1972. |
||
| 300 | _a80 p. | ||
| 440 | 0 | _aTecnología educativa | |
| 650 | 4 |
_aMaestros _vManuales _9829 |
|
| 650 | 4 |
_aMatemáticas _xEstudio y enseñanza (Elemental) _92809 |
|
| 905 | _aLibro | ||
| 999 |
_c37086 _d37086 |
||